00549nam a2200157 a 450000100100000000500170001000800410002704000250006808200080009310000290010124500650013026000490019530000210024495201090026599900170037400003994220201002033825.0130731s1968 xxu 000 0 spa d aDO-SdBNPbspacBNPHU axxx1 aSchoenbrun, David96615610aVietnam :bhow we got in how to get out /cDavid Schoenbrun. aNew York, Estados Unidos :bAtheneum,c1968. a214 p. ;c21 cm. 0010507-18MOaGRbGRcOId2013-07-31iLF1l0oxxx p39942-10r2020-06-25w2020-06-25y1ZNo se presta c39432d39432